Statistics for Biggest & Smallest Countries of Each Continent

Click here to take the quiz!

General Stats

  • This quiz has been taken 85 times
  • The average score is 43 of 60

Answer Stats

Size (km) Country % Correct
17,098,246Russia
100%
9,572,900China
99%
9,984,670Canada
95%
9,525,067United States
95%
3,287,263India
95%
8,515,767Brazil
93%
7,692,024Australia
93%
0.44Vatican City
90%
2,780,400Argentina
89%
1,964,375Mexico
88%
2,381,740Algeria
88%
675,417France
86%
2,724,900Kazakhstan
86%
61.2San Marino
84%
603,628Ukraine
84%
1.95Monaco
81%
160Liechtenstein
78%
269,190New Zealand
78%
504,781Spain
77%
21Nauru
75%
1,197,411Colombia
75%
2,345,410Democratic Republic of the Congo
75%
1,285,220Peru
75%
1,001Sao Tomé and Príncipe
74%
26Tuvalu
73%
2,170Comoros
73%
18,720Fiji
71%
1,284,000Chad
71%
1,904,556Indonesia
71%
316Malta
70%
261Saint Kitts and Nevis
70%
455Seychelles
70%
458Palau
70%
214,970Guyana
70%
1,098,580Bolivia
70%
1,861,484Sudan
68%
1,759,540Libya
68%
5,770Brunei
67%
4,033Cape Verde
67%
176,220Uruguay
67%
1,860Mauritius
66%
692.7Singapore
66%
340Grenada
66%
12,200Vanuatu
64%
2,149,690Saudi Arabia
64%
442Antigua and Barbuda
64%
430Barbados
64%
163,270Suriname
64%
406,750Paraguay
63%
389Saint Vincent and the Grenadines
63%
181Marshall Islands
62%
283,560Ecuador
62%
300Maldives
62%
462,840Papua New Guinea
62%
28,450Solomon Islands
58%
129,494Nicaragua
55%
665Bahrain
55%
112,090Honduras
49%
10,452Lebanon
30%
2,210,583Kingdom of Denmark
23%

Score Distribution

Percentile by Number Answered

Percent of People with Each Score

Your Score History

You have not taken this quiz